000 00967cam a2200205 4500
001 WB3736-17
008 010925n2001 000 0 eng u
035 _a(Sirsi) u114812
245 _aFMD recovery - time for action
260 _c2001
490 _aEnglish Nature Press Release
_v(EN/01/34) 21 September 2001, (2)
520 _aEnglish Nature has published its first assessment of the effects of foot and mouth disease on protected wildlife sites and the wider countryside. "Interim assessment of the effects of the Foot and Mouth outbreak on England's biodiversity", English Nature Research Report 430, is available on English Nature's website english-nature.org.uk. Alternatively, contact the Enquiry Service on 01733 455100, [email protected]
590 _aWB
650 _aFOOT-AND-MOUTH DISEASE
650 _aWILDLIFE SITES
650 _aCOUNTRYSIDE
650 _aBIODIVERSITY
690 _aENVIRONMENT-AUDIT/ASSESSMENT
942 _n0
999 _c68353
_d68353